Entry Nombre personal
001 - NÚMERO DE CONTROL
- campo de control: 80125
003 - IDENTIFICADOR DE NÚMERO DE CONTROL
- campo de control: SpMaBN
005 - FECHA Y HORA DE LA ÚLTIMA TRANSACCIÓN
- campo de control: 20250812071538.0
008 - ELEMENTOS DE DATO DE LONGITUD-FIJA
- campo de control de longitud fija: 901114nn ainnnaabn a aaa
016 ## - NÚMERO DE CONTROL DE UNA AGENCIA BIBLIOGRÁFICA NACIONAL
- Número de control del registro: BNE19911546062
024 7# - IDENTIFICADOR DE OTROS ESTÁNDARES
- Número estándar o código: http://viaf.org/viaf/19859355/
- Fuente: viaf
024 7# - IDENTIFICADOR DE OTROS ESTÁNDARES
- Número estándar o código: https://orcid.org/0000-0003-4453-5069
- Fuente: orcid
024 7# - IDENTIFICADOR DE OTROS ESTÁNDARES
- Número estándar o código: https://isni.org/isni/000000005952896X
- Fuente: isni
024 7# - IDENTIFICADOR DE OTROS ESTÁNDARES
- Número estándar o código: http://www.wikidata.org/entity/Q28195017
- Fuente: wikidata
040 ## - FUENTE DE CATALOGACIÓN
- Centro catalogador/agencia de origen: SpMaBN
- Lengua de catalogación: spa
- Centro/agencia transcriptor: SpMaBN
- Normas de descripción: rdc
- Convención/Normas de encabezamiento de materia/tesauro: embne
046 ## - FECHAS CON CODIFICACIÓN ESPECIAL
- Fecha de nacimiento: 1957
100 1# - ENCABEZAMIENTO-NOMBRE DE PERSONA
- Nombre de persona: Méndez, Lourdes,
- Fechas asociadas al nombre: 1957-
370 ## - LUGAR ASOCIADO
- Lugar de nacimiento: San Sebastián
- Número de control del registro de autoridad o número normalizado: XX451375
- Fuente de información: Wikidata
372 ## - CAMPO DE ACTIVIDAD
- Campo de actividad: Antropología social
- Campo de actividad: Estética y Teoría de las Artes
- Fuente de información: (Dialnet)
372 ## - CAMPO DE ACTIVIDAD
- Campo de actividad: Antropología cultural y social
- Campo de actividad: Enseñanza superior
- Fuente del término: embne
373 ## - GRUPO ASOCIADO
- Grupo asociado: Universidad del País Vasco
- Fuente del término: abne
374 ## - OCUPACIÓN
- Ocupación: Antropólogos
- Ocupación: Profesores universitarios
- Fuente del término: embne
375 ## - GÉNERO/SEXO
- Género: Femenino
377 ## - IDIOMA ASOCIADO
- Término de lengua/lenguaje: Español
- Término de lengua/lenguaje: Gallego
377 ## - IDIOMA ASOCIADO
- Código del idioma: spa
- Término de lengua/lenguaje: Español
400 1# - TRAZADO DE VÉASE--NOMBRE DE PERSONA
- Nombre de persona: Méndez Pérez, Lourdes,
- Fechas asociadas al nombre: 1957-
670 ## - FUENTE DE DATOS ENCONTRADOS
- Cita de la fuente: Antropología de la producción artística, 1995
- Información encontrada: port. (Lourdes Méndez)
670 ## - FUENTE DE DATOS ENCONTRADOS
- Cita de la fuente: Cuerpos sexuados y ficciones identitarias, 2004
- Información encontrada: port. (Lourdes Méndez)
670 ## - FUENTE DE DATOS ENCONTRADOS
- Cita de la fuente: WWW Agencia Española ISBN, 17-12-2004
- Información encontrada: (Méndez Pérez, Lourdes)
670 ## - FUENTE DE DATOS ENCONTRADOS
- Cita de la fuente: WWW Wikipedia, 9-12-2021
- Información encontrada: (Lourdes Méndez Pérez (San Sebastián 1957). Antropóloga, hija de emigrantes gallegos. Estudió Antropología y Estudios feministas en la Université Paris. Catefrática de Antropología en la Universidad del Páis Vasco)
- Identificador Uniforme de Recursos: https://gl.wikipedia.org/wiki/Lourdes_Méndez_Pérez
